| 000 | 01360nam a2200229Ia 4500 | ||
|---|---|---|---|
| 999 |
_c39153 _d39153 |
||
| 003 | OSt | ||
| 005 | 20201015154600.0 | ||
| 008 | 160316s2013 xxu||||| |||| 00| 0 eng d | ||
| 020 | _a9780071818810 | ||
| 040 | _cnls | ||
| 082 |
_a340.030000 _bBUR |
||
| 100 | _aBurton William C | ||
| 245 | _aLegal thesaurus | ||
| 250 | _a5th | ||
| 260 |
_aLondon _bMcgraw Hill Education _c2013 |
||
| 300 |
_a1121p _cxiii |
||
| 365 | _b Rs. 3,495 | ||
| 505 | _aTHE FIRST AND MOST COMPREHENSIVE LEGAL THESAURUS EVER PUBLISHEDUpdated with 1,000 essential new terms--from "whistleblower" to "bailout"The first book of its kind when it was orginally published in 1980, Burton's Legal Thesaurus has become a staple for everyone in the legal profession. Addressing the newest concepts before the nation's highest courts, the fifth edition celebrates 35 years of this one-of-a-kind law reference tool. With 11,000 critical-to-know legal terms, synonyms, definitions, and parts of speech, Burton's is essential for: Partners, associates, attorneys, and judges, who will appreciate the timeliness of the 1,000-plus new entriesLaw school students seeking to use a more specific word or recall a forgotten wordJournalists and scholars looking for the right word to fit the thought | ||
| 650 | _a1.Law - Terms and Phrases - Legal Thesaurus | ||
| 700 |
_a _a |
||
| 942 |
_2ddc _cBK |
||